Geotechnical Earthquake Engineering and Soil Dynamics V : liquefaction triggering, consequences, and mitigation : selected papers from sessions of Geotechnical Earthquake Engineering and Soil Dynamics V, June 10-13, 2018, Austin, Texas /

Papers from sessions of Geotechnical Earthquake Engineering and Soil Dynamics V, held in Austin, Texas, June 10-13, 2018. Sponsored by the Geo-Institute of ASCE. This Geotechnical Special Publication contains 58 peer-reviewed papers on liquefaction triggering, consequences, and mitigation. Topics in...

Full description

Bibliographic Details
Corporate Author: Geotechnical Earthquake Engineering and Soil Dynamics Conference Austin, Tex.
Other Authors: Brandenberg, Scott J. (Editor), Manzari, Majid T. (Editor)
Format: Conference Proceeding eBook
Language:English
Published: Reston, Virginia : American Society of Civil Engineers, [2018]
Series:GSP (Series) ; no. 290.
Subjects:
Online Access:Connect to the full text of this electronic book

MARC

Tag First Indicator Second Indicator Subfields
LEADER 00000cam a2200000 i 4500
001 in00004644201
006 m o d
007 cr mn|||||||||
008 180707t20182018vau ob 100 0 eng d
005 20230124132217.1
035 |a (OCoLC)on1043618725 
040 |a EBLCP  |b eng  |e rda  |e pn  |c EBLCP  |d UIU  |d MERUC  |d AU@  |d OCLCO  |d OCLCF  |d OCLCQ  |d CDN  |d UWW  |d MERER  |d OCL  |d OCLCQ  |d OSU  |d OCLCQ  |d N$T  |d LVT  |d VASCE  |d OCLCQ  |d K6U  |d OCLCO  |d YDX  |d STF  |d OCL  |d OCLCO  |d OCLCQ  |d OCLCO 
019 |a 1043295387  |a 1057431153  |a 1065420549  |a 1076636479  |a 1083609766 
020 |a 9780784481455  |q (electronic bk.) 
020 |a 0784481458  |q (electronic bk.) 
035 |a (OCoLC)1043618725  |z (OCoLC)1043295387  |z (OCoLC)1057431153  |z (OCoLC)1065420549  |z (OCoLC)1076636479  |z (OCoLC)1083609766 
050 4 |a TA654.6  |b .G468 2018eb 
082 0 4 |a 624.1762  |2 23 
049 |a TXAM 
111 2 |a Geotechnical Earthquake Engineering and Soil Dynamics Conference  |n (5th :  |d 2018 :  |c Austin, Tex.) 
245 1 0 |a Geotechnical Earthquake Engineering and Soil Dynamics V :  |b liquefaction triggering, consequences, and mitigation : selected papers from sessions of Geotechnical Earthquake Engineering and Soil Dynamics V, June 10-13, 2018, Austin, Texas /  |c sponsored by Geo-Institute of the American Society of Civil Engineers ; edited by Scott J. Brandenberg, Majid T. Manzari 
246 3 0 |a Liquefaction triggering, consequences, and mitigation 
264 1 |a Reston, Virginia :  |b American Society of Civil Engineers,  |c [2018] 
264 4 |c ©2018 
300 |a 1 online resource (xi, 636 pages) 
336 |a text  |b txt  |2 rdacontent 
337 |a computer  |b c  |2 rdamedia 
338 |a online resource  |b cr  |2 rdacarrier 
347 |a text file 
490 1 |a Geotechnical special publication ;  |v no. 290 
504 |a Includes bibliographical references. 
520 |a Papers from sessions of Geotechnical Earthquake Engineering and Soil Dynamics V, held in Austin, Texas, June 10-13, 2018. Sponsored by the Geo-Institute of ASCE. This Geotechnical Special Publication contains 58 peer-reviewed papers on liquefaction triggering, consequences, and mitigation. Topics include: centrifuge model testing; cone penetration testing, modeling, and predicting liquefaction; ground improvement techniques for mitigation; soil types and liquefaction; liquefaction surrounding dams; and global case studies. GSP 290 will be of interest to geo-professionals, researchers, and practitioners predicting and mitigating soil liquefaction around the world 
520 |a GSP 290 contains 58 peer-reviewed papers on liquefaction triggering, consequences, and mitigation presented at Geotechnical Earthquake Engineering and Soil Dynamics V, held in Austin, Texas, June 10-13, 2018 
588 0 |a Print version record 
650 0 |a Earthquake engineering  |v Congresses. 
650 0 |a Geotechnical engineering  |v Congresses. 
650 0 |a Engineering geology  |v Congresses. 
650 0 |a Soil mechanics  |v Congresses. 
650 6 |a Génie parasismique  |v Congrès. 
650 6 |a Géologie appliquée  |v Congrès. 
650 6 |a Mécanique des sols  |v Congrès. 
650 7 |a Soil mechanics.  |2 fast  |0 (OCoLC)fst01124463 
650 7 |a Geotechnical engineering.  |2 fast  |0 (OCoLC)fst01893896 
650 7 |a Earthquake engineering.  |2 fast  |0 (OCoLC)fst00900825 
650 7 |a Engineering geology.  |2 fast  |0 (OCoLC)fst00910529 
653 0 |a Soil liquefaction 
653 0 |a Penetration tests 
653 0 |a Centrifuge models 
653 0 |a Earthquakes 
653 0 |a Earthquake engineering 
653 0 |a Hydraulic models 
653 0 |a Soil stabilization 
653 0 |a Case studies 
655 7 |a Electronic books.  |2 local 
655 2 |a Congress 
655 7 |a Conference papers and proceedings.  |2 fast  |0 (OCoLC)fst01423772 
655 7 |a Conference papers and proceedings.  |2 lcgft 
655 7 |a Actes de congrès.  |2 rvmgf 
700 1 |a Brandenberg, Scott J.,  |e editor. 
700 1 |a Manzari, Majid T.,  |e editor. 
710 2 |a American Society of Civil Engineers.  |b Geo-Institute,  |e sponsor. 
730 0 |a ASCE Library. 
776 0 8 |i Print version:  |t Geotechnical Earthquake Engineering and Soil Dynamics V : Liquefaction Triggering, Consequences, and Mitigation.  |d Reston, Virginia : American Society of Civil Engineers, [2018] 
830 0 |a GSP (Series) ;  |v no. 290. 
856 4 0 |u http://proxy.library.tamu.edu/login?url=https://ascelibrary.org/doi/book/10.1061/9780784481455  |z Connect to the full text of this electronic book  |t 0 
955 |a ASCE Conference Proceedings 
994 |a 92  |b TXA 
999 f f |s f48f3731-27c0-4048-b2cd-4205495ec004  |i fe118bee-7516-4d0d-88a5-7f23f8b97eda  |t 0 
952 f f |a Texas A&M University  |b College Station  |c Electronic Resources  |d Available Online  |t 0  |e TA654.6 .G468 2018eb  |h Library of Congress classification 
998 f f |a TA654.6 .G468 2018eb  |t 0  |l Available Online